Need analysis : tools for the human services and education

Αποθηκεύτηκε σε:
Λεπτομέρειες βιβλιογραφικής εγγραφής
Κύριος συγγραφέας: McKillip, Jack
Μορφή: Βιβλίο
Γλώσσα:English
Δημοσίευση: Newbury Park : Sage Publications, c1987
Σειρά:Applied social research methods series ; ; 10
Θέματα:
Ετικέτες: Προσθήκη ετικέτας
Δεν υπάρχουν, Καταχωρήστε ετικέτα πρώτοι!

MARC

LEADER 00000nam a2200000 i 4500
001 1/18566
008 981019s1987 eng d
020 |a 0-8039-2648-0 
035 |l 10020958 
040 |a GR-MY-UA  |b    |e aacr 
041 0 |a eng 
082 0 |a 301.0723 
100 1 |a McKillip, Jack. 
245 1 0 |a Need analysis :  |b tools for the human services and education /  |c Jack McKillip 
260 |a Newbury Park :   |b Sage Publications,   |c c1987 
300 |a 142 p. 
490 1 |a Applied social research methods series  |v ; 10 
504 |a Includes index 
650 0 0 |a Social surveys. 
650 0 0 |a Basic needs. 
830 0 |a Applied social research methods series ;  |v ; 10 
852 |a INST  |b LESVOS  |e 19981019  |h 301.0723 MCK  |p 005100018242  |q 005100018242  |t BK  |y 0 
901 |a BIBL-1999-1 
909 |a Λ  |b 059484 
922 |a 1ΕΛΗ  |b 199809  |c ΚΠΣ/ΤΓ  |d ΠΑΠΑΣΩΤΗΡΙΟΥ 
950 |a 118-1998-07-23